[Event "RUS-ch Rapid 2021"]
[Site "Sochi"]
[Date "2021.10.12"]
[Round "2.3"]
[White "Derjabin, Ilja"]
[Black "Antipov, Mikhail Al."]
[Result "0-1"]
[WhiteElo "2353"]
[BlackElo "2619"]
[Annotator "TA"]
[PlyCount "64"]
[EventDate "2021.10.12"]
[EventType "swiss"]
[EventCountry "RUS"]
[SourceTitle "playchess.com"]
[Source "ChessBase"]
[SourceQuality "1"]

{[%evp 10,64,40,7,38,-5,41,6,46,15,10,9,22,17,112,96,94,-25,0,-3,0,-75,-28,-65,
-81,-83,-82,-102,0,0,0,0,0,0,86,85,156,81,75,0,0,0,0,-200,-200,-769,-790,-790,
-781,-5114,-5114,-5995,-5987,-29979,-29980,-29981,-29982]} 1. d4 Nf6 2. c4 g6
3. Nc3 d5 4. Bg5 Bg7 5. Nf3 Ne4 6. Bh4 (6. Nxd5 $2 Nxg5 7. Nxg5 e6 $19) 6... c5
{D91: Grünfeld: 4 Nf3 Bg7 5 Bg5.} 7. e3 (7. cxd5 $5 {[%cal Rc3e4]} Nxc3 8. bxc3
$11) 7... Qa5 8. Rc1 {[#]} Bg4 $146 {The position is equal.} ({Predecessor:} 
8... cxd4 9. Nxd4 Nxc3 10. bxc3 Nc6 11. Qd2 dxc4 12. Bxc4 Qc5 13. Be2 O-O 14.
O-O e5 {1/2-1/2 (35) Pritchett,C (2375)-Knott,S (2355) Edinburgh 1989}) 9. Be2
(9. Qb3 {looks sharper.} Nd6 10. dxc5 dxc4 11. Bxc4 Nxc4 12. Qxc4 Be6 13. Qb5+)
9... dxc4 10. O-O Nxc3 11. bxc3 {[%cal Bb2c3,Bc3d4][%mdl 32]} cxd4 (11... Qa6
$11) 12. cxd4 $16 b5 13. Ne5 (13. a4 $16) 13... Bxe2 $11 14. Qxe2 {And now
Qf3! would win.} Bxe5 15. Qf3 {[#]} (15. f4 $1 $11 Bxd4 16. exd4) 15... Bxh2+
$1 16. Kh1 {aiming for g3.} (16. Kxh2 Qc7+) 16... Bd6 17. Qxa8 O-O 18. Qb7 b4 (
18... Qb6 $17 19. Qxb6 axb6) 19. Bg3 Bxg3 20. fxg3 c3 $1 21. Qxe7 Na6 (21...
Nc6 $11 22. Qd6 Qg5) 22. Qxa7 $16 Qh5+ 23. Kg1 Qe2 24. Rce1 (24. Rfe1 $16 Qc4
25. Rf1) 24... Qxa2 $11 {Threatens to win with ...b3.} 25. Ra1 Qd2 {White must
now prevent ...b3.} 26. Rfe1 $2 {[#]} (26. Rf2 $11 Qxe3 27. Qxa6) 26... b3 $1
$19 27. Rad1 $2 {[#]} (27. Qxa6 b2 28. Kh2 (28. Rad1 $2 Qxd1 {[%mdl 64]
Promotion} 29. Rxd1 c2 $19) 28... bxa1=N 29. Rxa1) 27... Qxd1 $3 {[%mdl 576]
Promotion} 28. Rxd1 {[#]} c2 $1 29. Re1 {[#]} (29. Rf1 b2) 29... b2 $1 30. Qxa6
(30. Qb7 c1=Q) 30... c1=Q 31. Qf1 Rc8 32. Kh2 {[#]} b1=Q $1 {Weighted Error
Value: White=1.32/Black=0.22} 0-1

[Event "RUS-ch Rapid 2021"]
[Site "Sochi"]
[Date "2021.10.12"]
[Round "2.4"]
[White "Sarana, Alexey"]
[Black "Rodin, Dmitrij"]
[Result "1-0"]
[WhiteElo "2649"]
[BlackElo "2359"]
[Annotator "TA"]
[PlyCount "73"]
[EventDate "2021.10.12"]
[EventType "swiss"]
[EventCountry "RUS"]
[SourceTitle "playchess.com"]
[Source "ChessBase"]
[SourceQuality "1"]

{[%evp 11,73,24,24,24,22,20,20,16,20,19,57,35,45,31,37,35,40,33,190,185,298,
288,323,169,169,154,205,207,814,825,808,783,1212,1278,1304,1297,2360,2271,2444,
2403,1454,1492,1256,1035,943,821,800,744,733,639,682,664,729,655,726,726,726,
676,1168,1161,1147,1118,1054,1001]} 1. d4 Nf6 2. c4 e6 3. Nf3 Bb4+ 4. Bd2 a5 5.
a3 Bxd2+ 6. Qxd2 O-O 7. Nc3 {E11: Bogo-Indian.} d5 8. e3 Nbd7 9. Bd3 {The
position is equal.} dxc4 10. Bxc4 Qe7 11. O-O {[#]} Rd8 $146 ({Predecessor:} 
11... e5 12. dxe5 Nxe5 13. Nxe5 Qxe5 14. Rfd1 Ng4 15. g3 Qh5 16. h4 Ne5 17. Be2
Bg4 {0-1 (61) Jovanovic,Z (2308)-Mihic,B (2354) Belgrade 2003}) 12. e4 Nb6 13.
Ba2 e5 14. Rad1 Bg4 $2 {This move loses the game for Black.} (14... exd4 $14
15. Nxd4 Bg4) 15. Nxe5 $18 Bxd1 (15... Be6 {might work better.}) 16. Nxf7 (16.
Qxd1 Rf8 $11) ({Weaker is} 16. Bxf7+ Kh8 $11) 16... Rf8 {[#] Hoping for ...Bg4.
} 17. Ne5+ (17. Ng5+ $142 Kh8 18. Qxd1 (18. Rxd1 c6 $18)) 17... Kh8 {White
must now prevent ...Bh5.} 18. Rxd1 c5 (18... Nbd7 $16 {keeps fighting.}) 19.
Qg5 {Strongly threatening Ng6+!} cxd4 $2 {[#]} (19... Qe8 20. dxc5 Nbd7) 20.
Ng6+ $1 {[%mdl 512] White is clearly winning.} hxg6 21. Qh4+ Nh5 22. Qxe7 dxc3
23. bxc3 Na4 24. g4 Nxc3 25. gxh5 {Rd7 would kill now.} Nxd1 26. hxg6 {[%cal
Re7h4]} Rf6 27. e5 Rxg6+ 28. Kf1 Rh6 29. Bb3 Nc3 30. Qc5 Ne4 31. Qe3 Rh4 32.
Bd5 Re8 33. Bxe4 Rxe5 34. f3 b5 35. Qb6 {White threatens Qd8+ and mate.} Re8
36. Qxb5 {[%cal Rb5e8]} Rf8 37. Kg2 {Weighted Error Value: White=0.20/Black=0.
40} 1-0

[Event "RUS-ch Rapid 2021"]
[Site "Sochi"]
[Date "2021.10.12"]
[Round "2.5"]
[White "Gavrilov, Oleg"]
[Black "Lysyj, Igor"]
[Result "0-1"]
[WhiteElo "2356"]
[BlackElo "2603"]
[Annotator "TA"]
[PlyCount "106"]
[EventDate "2021.10.12"]
[EventType "swiss"]
[EventCountry "RUS"]
[SourceTitle "playchess.com"]
[Source "ChessBase"]
[SourceQuality "1"]

{[%evp 9,106,15,48,41,36,-6,0,-1,4,0,2,0,1,-21,-25,-29,0,0,0,-114,-112,-121,
-120,-156,-155,-142,-117,-108,-110,-106,-106,-106,-99,-97,-97,-85,-102,-101,
-83,-85,-68,-100,-93,-97,-108,-116,-102,-158,-147,-162,-139,-159,-163,-140,-73,
-75,-53,-50,-18,-252,-231,-229,-220,-236,-220,-245,-254,-253,-244,-253,-253,
-515,-419,-803,-689,-583,-618,-534,-447,-1116,-935,-986,-776,-1033,-883,-12829,
-12830,-12826,-6837,-12841,-12833,-12833,-12834,-12839,-12838,-12836,-12836,
-12846,-2323]} 1. c4 e6 2. Nc3 b6 3. e4 Bb7 4. g3 Bb4 5. Bg2 f5 6. Nge2 {
A10: English Opening: Unusual Replies for Black.} Nf6 {[%cal Rf6e4]} 7. Qc2 O-O
8. O-O {The position is equal.} Bxc3 9. Nxc3 fxe4 10. Nxe4 Nc6 11. Qc3 e5 {[#]}
12. Re1 $146 ({Predecessor:} 12. d3 Nd4 13. Re1 c5 14. Nxf6+ Qxf6 15. Bxb7
Qxf2+ 16. Kh1 Nf3 17. Bxf3 Qxf3+ 18. Kg1 Qf2+ {1/2-1/2 (18) Singh,R (2259)-El
Arousy,A (2388) Singapore 2004}) 12... Nxe4 13. Bxe4 Qf6 14. Qe3 (14. Bd5+ $11
Kh8 15. f4) 14... Rab8 $1 $17 15. Rf1 Nd4 16. Bxb7 Rxb7 17. Qe4 Qf3 18. Qxf3
Rxf3 19. b3 Rd3 20. Rd1 b5 21. cxb5 Rxb5 22. Bb2 Nf3+ 23. Kg2 Rbd5 24. Rac1 c6
25. Rc2 g5 26. h3 h5 27. Bc3 h4 28. Kf1 (28. Bb4 $142) 28... e4 29. Ke2 g4 30.
hxg4 {With the idea gxh4.} h3 31. Rh1 h2 (31... Rc5 $142 $1 {Threatens to win
with ...h2.} 32. Rcc1 h2) 32. Kf1 Rg5 33. Kg2 Rxg4 (33... Rc5 {is interesting.}
34. b4 Rc4 35. Rb2 d5 36. Bf6 Kf7) 34. Rxh2 $2 {White does not recover from
this.} (34. Ba5 $11) 34... Nxh2 35. Kxh2 $15 {[%mdl 4096] Endgame KRR-KRB} Rg5
36. Bb4 Rgd5 37. Kg1 Kf7 38. Kf1 a5 39. Bc3 Rc5 40. Ke2 $2 (40. Rb2) 40... d5
$19 41. Kd1 (41. Rc1 $142 d4 42. Bb2 Rxc1 43. Bxc1) 41... d4 {[%cal Rc5c3]
Black is clearly winning.} 42. Bb2 {[#]} Rxc2 43. Kxc2 {KR-KB} Ke6 44. Kd1 (44.
f3 $142 Ke5 45. fxe4 Rxg3 46. Bc1) 44... Kd5 45. Ke2 Rf3 46. Bc1 c5 47. g4 d3+
48. Kf1 Rf4 49. Bb2 Rxg4 50. Bc3 Rg8 51. a4 Rb8 52. Bxa5 Rxb3 53. Bc3 {[#]} Kc6
{Weighted Error Value: White=0.81/Black=0.08} (53... Rxc3 $142 $1 {[%mdl 512]}
54. dxc3 Kc4) 0-1

[Event "RUS-ch Rapid 2021"]
[Site "Sochi"]
[Date "2021.10.12"]
[Round "2.6"]
[White "Riazantsev, Alexander"]
[Black "Gochelashvili, David"]
[Result "1-0"]
[WhiteElo "2634"]
[BlackElo "2400"]
[Annotator "TA"]
[PlyCount "85"]
[EventDate "2021.10.12"]
[EventType "swiss"]
[EventCountry "RUS"]
[SourceTitle "playchess.com"]
[Source "ChessBase"]
[SourceQuality "1"]

{[%evp 15,85,-1,29,0,24,27,16,2,37,20,40,0,6,1,0,-20,-22,-25,-29,-45,-46,-40,
-27,-111,-113,-121,-85,-82,0,-3,0,0,0,0,0,-17,12,-12,14,8,67,64,109,109,110,
110,104,98,96,101,109,94,110,107,108,108,122,82,200,188,5850,6079,5393,5285,
6187,6095,6095,6095,29978,29979,29964,12265]} 1. d4 Nf6 2. Nf3 d6 3. c4 g6 4.
Nc3 Bg7 5. Bg5 h6 6. Bh4 g5 7. Bg3 Nh5 8. e3 e6 9. Bd3 {E61: King's Indian:
Early deviations for White, including Smyslov System.} Qe7 10. Nd2 Nxg3 11.
hxg3 {The position is equal.} Nc6 {[#]} 12. g4 $146 ({Predecessor:} 12. Qb3 Bd7
13. O-O-O O-O-O 14. f4 g4 15. Kb1 h5 16. Rhe1 h4 17. d5 Nb8 18. Be4 {1-0 (34)
Feng,R (2342)-Arribas Lopez,A (2436) chess.com INT 2021}) 12... Bd7 13. Nf1
O-O-O 14. Ng3 Rhf8 15. Rc1 Kb8 16. a3 f5 17. d5 Ne5 18. dxe6 Bxe6 19. Nxf5 (19.
Bxf5 $11 {remains equal.} Bxc4 20. b3) 19... Qf7 $17 20. Nb5 Nxd3+ 21. Qxd3
Bxf5 (21... h5 $17 {Threatens to win with ...a6.} 22. Qe2 Bxf5 23. gxf5 a6) 22.
gxf5 $11 Qxf5 23. Qxf5 Rxf5 24. Nc3 g4 25. Rc2 c6 26. Ke2 Kc7 27. Ne4 Rh8 (
27... Rdf8 $11) 28. Rd2 $14 Be5 29. f4 gxf3+ 30. gxf3 Rg8 31. Rxh6 Rg2+ 32. Nf2
$1 Bg3 33. Kf1 Rxf2+ 34. Rxf2 Bxf2 35. Kxf2 $16 {[%mdl 4096] Endgame KR-KR} b5
36. Rh4 Rc5 (36... bxc4 $16 37. Rxc4 Rb5) 37. b4 $1 $18 {[%cal Rb4c5]} Rxc4 (
37... Rf5 38. e4 Rf8 39. cxb5 cxb5) 38. Rxc4 bxc4 {[#] KP-KP} 39. e4 $1 Kb6 40.
Ke3 c5 {[#]} 41. f4 $1 cxb4 42. axb4 Kb5 43. f5 {Weighted Error Value: White=0.
13/Black=0.46} (43. Kd2 $142 Kxb4 44. f5 Kb3 45. Kc1 (45. f6 Kb2 $14) 45... Kc3
46. f6 Kd4 47. f7 Kc5 48. f8=Q) 1-0

[Event "RUS-ch Rapid 2021"]
[Site "Sochi"]
[Date "2021.10.12"]
[Round "2.7"]
[White "Ekdyshman, Mikhail"]
[Black "Dreev, Aleksey"]
[Result "1/2-1/2"]
[WhiteElo "2315"]
[BlackElo "2635"]
[Annotator "TA"]
[PlyCount "110"]
[EventDate "2021.10.12"]
[EventType "swiss"]
[EventCountry "RUS"]
[SourceTitle "playchess.com"]
[Source "ChessBase"]
[SourceQuality "1"]

{[%evp 17,110,-8,-2,-15,-17,-25,-22,-25,-22,-18,-16,-21,-4,-36,-29,-37,-34,-55,
-55,-56,-54,-55,-54,-56,-47,-56,-56,-68,-66,-66,-46,-73,-65,-76,-66,-72,-59,
-62,-68,-74,-68,-79,0,-68,0,0,0,0,0,0,109,82,200,182,210,229,286,278,263,212,
392,383,368,361,398,377,429,0,291,0,416,428,518,476,724,709,727,724,1587,1549,
1425,1411,29971,29971,29972,29970,7408,6110,29981,29982,29982,29983,29984,
29985,29985]} 1. d4 Nf6 2. c4 e6 3. Nc3 d5 4. Nf3 Nbd7 5. e3 a6 6. a3 b6 7.
cxd5 exd5 8. Bd3 Bb7 9. O-O Bd6 10. Qc2 {E14: Queen's Indian: Classical
Variation (4 e3).} O-O 11. e4 dxe4 12. Nxe4 {The position is equal.} Nxe4 13.
Bxe4 Bxe4 14. Qxe4 {[#]} Nf6 $146 ({Predecessor:} 14... Re8 15. Qc2 h6 16. b4
Nf6 17. Bb2 Nd5 18. Rfe1 Be7 19. Rac1 Qd6 20. Re4 Bf6 {0-1 (53) Zeh,H-Nadenau,
O (2240) Bad Woerishofen 1991}) 15. Qh4 Nd5 16. Qg4 Re8 17. Bg5 Qc8 18. Qxc8
Raxc8 19. Rfe1 f6 20. Bd2 a5 {[%cal Ba6a5,Ba5a4][%mdl 32]} 21. Kf1 Kf7 22. Rxe8
Rxe8 23. Re1 Rd8 24. Re4 a4 25. Ke2 b5 26. Kd3 g5 27. h3 h5 28. g3 Rb8 29. Kc2
Re8 ({Black should play} 29... b4 $17 30. axb4 Bxb4) 30. Kd3 ({White should try
} 30. Rxe8 $11 Kxe8 31. Kd3) 30... Rxe4 (30... Rh8 $15) 31. Kxe4 $15 {[%mdl
4096] Endgame KBN-KBN} Ke6 32. g4 $1 hxg4 33. hxg4 Nb6 (33... Bf4 $11) 34. d5+
$1 $16 Kd7 (34... Ke7 $16 {is a better defense.}) 35. Bc3 $18 Ke7 36. Nd4 b4
37. Nf5+ ({Not} 37. Bxb4 Bxb4 38. Nc6+ (38. axb4 Nc4 $11) 38... Kd6 $16) (37.
axb4 Kf7 $16) 37... Kd7 38. axb4 Bf4 $2 {[#]} (38... Be5) 39. Bxf6 Nc4 40. Ne3
Nd2+ 41. Kf5 Nf3 42. Ke4 Nd2+ 43. Kf5 (43. Kd3 $142 Nf3 44. Ke4 Nd2+) 43... Nf3
44. Nc4 Kc8 45. Ke4 Nh2 (45... Ne1 $142 46. Ne5 Nc2) 46. f3 Nf1 47. Kf5 Bc1 48.
Bxg5 Ng3+ 49. Kg6 Ne2 50. Bxc1 Nxc1 {KN-KN} 51. f4 Nd3 52. f5 Nxb2 53. Na3 {
White mates.} Nd3 54. f6 Ne5+ 55. Kg7 Kd7 {[%mdl 32768] Weighted Error Value:
White=0.29/Black=0.43. An unexpected result.} 1/2-1/2

[Event "RUS-ch Rapid 2021"]
[Site "Sochi"]
[Date "2021.10.12"]
[Round "2.9"]
[White "Truskavetsky, Alexandr"]
[Black "Alekseev, Evgeny"]
[Result "0-1"]
[WhiteElo "2371"]
[BlackElo "2602"]
[Annotator "TA"]
[PlyCount "76"]
[EventDate "2021.10.12"]
[EventType "swiss"]
[EventCountry "RUS"]
[SourceTitle "playchess.com"]
[Source "ChessBase"]
[SourceQuality "1"]

{[%evp 10,76,33,-35,5,0,-9,-18,-5,-15,0,-4,0,-18,-11,-14,-14,-6,-6,-9,-6,0,-12,
-31,-15,-43,-31,-32,-25,-35,-21,-33,0,-13,-26,-13,52,-33,19,8,28,0,29,-20,-17,
-36,-37,-36,0,-39,-33,-76,50,35,45,45,64,44,113,104,122,116,386,157,207,-29991,
-29992,-29992,-29993]} 1. d4 Nf6 2. Nf3 e6 3. Bg5 h6 4. Bxf6 Qxf6 5. e4 d6 6.
e5 (6. c3 $14) 6... Qe7 {A46: 1 d4 Nf6 2 Nf3 e6: Torre, London and Colle
Systems.} 7. Nc3 g6 8. Bd3 Bg7 {The position is equal.} 9. O-O O-O 10. Qe2 Nd7
{[%cal Bb8d7,Bd7f6,Bf6d5][%mdl 32] [#]} 11. exd6 $146 ({Predecessor:} 11. Rad1
d5 12. Qe3 b6 13. Ne2 c5 14. c3 a5 15. Nf4 Ba6 16. Rfe1 Bxd3 17. Qxd3 {1/2-1/2
(47) Folly,G (1964)-Braun,T (2057) Bayern 2012}) 11... cxd6 12. Rfe1 Nf6 13.
Ne4 Nd5 14. Qd2 b6 15. c4 Nf6 16. Nc3 Bb7 17. Qe2 Rac8 18. d5 {[%cal Rd5e6]} e5
19. a4 Qd8 20. Nd2 Nh5 21. g3 f5 22. a5 e4 (22... bxa5 $11 23. Nb3 e4 24. Nxa5
Ba8) 23. Bc2 ({White should try} 23. Ndxe4 $14 Re8 {[%mdl 64] Pin} 24. a6)
23... Rc7 (23... bxa5 $15 24. Nb3 Rf7) 24. axb6 $11 axb6 25. Nb3 Rcf7 26. Nb5
Bxb2 27. Rab1 Be5 28. N3d4 Ng7 (28... Qf6 $5 {[%cal Re5d4]} 29. Red1 Rc8 $11)
29. Red1 Qf6 30. Nc6 Ra8 (30... Bxc6 $17 31. dxc6 Ne6) 31. Nxe5 $14 Qxe5 32.
Nd4 Ra2 33. Rxb6 Ba6 (33... Kh7 $14) 34. Qe3 $16 {[#] Hoping for Qb3.} Bxc4 35.
Qxh6 {Strongly threatening Ne6.} Rf8 $2 {[%mdl 8192]} (35... e3 $16 {was worth
a try.} 36. Qxe3 Kh7) 36. Qxg6 (36. Rb7 $18 {White threatens Ne6! and mate.}
Rf7 37. Rb4) 36... e3 37. Nf3 $4 {[%mdl 8192]} exf2+ 38. Kg2 Rxc2 {[%csl Gc4]
[%cal Rf2f1] Weighted Error Value: White=0.41/Black=0.36} 0-1

[Event "RUS-ch Rapid 2021"]
[Site "Sochi"]
[Date "2021.10.12"]
[Round "2.10"]
[White "Kobalia, Mikhail"]
[Black "Yatzenko, Anton"]
[Result "1-0"]
[WhiteElo "2600"]
[BlackElo "2370"]
[Annotator "TA"]
[PlyCount "97"]
[EventDate "2021.10.12"]
[EventType "swiss"]
[EventCountry "RUS"]
[SourceTitle "playchess.com"]
[Source "ChessBase"]
[SourceQuality "1"]

{[%evp 10,97,15,12,30,10,29,11,18,0,0,0,0,0,-2,0,19,-110,-39,-139,-88,-82,-21,
-28,-20,-27,-39,-43,0,-40,-11,-37,-39,-42,-25,-30,-29,-54,0,0,0,0,0,0,9,0,12,
12,23,10,36,13,46,17,26,14,9,0,8,0,0,0,0,0,36,8,8,8,16,0,0,0,0,-7,0,0,8,8,249,
230,694,723,694,683,633,612,1679,1640,1462,1427]} 1. e4 e5 2. Nf3 Nc6 3. Bc4
Bc5 4. d3 Nf6 5. O-O d6 6. a4 a6 {C50: Hungarian Defence and Giuoco Pianissimo.
} 7. h3 h6 8. Nbd2 $5 {[%mdl 4] Leaves trodden paths.} Ba7 {The position is
equal.} 9. Re1 g5 10. Nf1 g4 11. hxg4 Nxg4 12. Be3 {[#]} Nxe3 $146 ({
Predecessor:} 12... Rg8 13. Bxa7 Rxa7 14. Ne3 h5 15. c3 Ne7 16. Qb3 Rg7 17. Nh4
Nxe3 18. Rxe3 Nc6 {0-1 (49) Kobalia,M (2672)-Vokhidov,S (2893) Chess.com INT
2020}) 13. fxe3 {[#]} (13. Nxe3 $11 {was the only way to keep the balance.} Rg8
14. c3) 13... Qf6 (13... h5 $1 $17) 14. Qe2 (14. Re2 $15) 14... Rg8 (14... h5
$142 15. c3 h4) 15. Qf2 $17 Bh3 ({Better is} 15... Be6 $17 16. N1d2 Nb4) 16.
Nh4 $11 Qxf2+ 17. Kxf2 Be6 18. Ng3 Ne7 (18... Rg5 {seems wilder.} 19. Nhf5 Ne7
20. Nxh6 c6 21. Rh1 d5) 19. Re2 O-O-O 20. Bxe6+ fxe6 21. Rh1 Rdf8+ 22. Nf3 Rg6
23. Rh3 Ng8 (23... Rfg8 $15) 24. Nh5 Nf6 25. Nxf6 Rfxf6 26. Rg3 Kd7 27. Re1 Ke7
28. Rxg6 Rxg6 {[%mdl 4096] Endgame KRB-KRN} 29. Rh1 Kf7 30. c3 Kg7 31. Rh4 Rf6
32. d4 exd4 33. cxd4 e5 {White must now prevent ...exd4.} 34. d5 Bc5 35. Rg4+
Kh7 36. Ke2 c6 37. dxc6 bxc6 38. Nh4 d5 39. Nf5 Rg6 40. Rxg6 Kxg6 {KB-KN} 41.
Kf3 Kg5 42. Ng7 {[#] aiming for Ne6+.} Bd6 43. Ne6+ Kf6 $2 {Loses the game.} (
43... Kh4 $1 $11 {and Black has nothing to worry.}) 44. Nd8 $18 d4 $2 (44... h5
45. Nxc6 Ke6) 45. exd4 {White is clearly winning.} exd4 46. Nxc6 d3 47. Ke3 Kg5
48. e5 Bc5+ 49. Kxd3 {Weighted Error Value: White=0.16/Black=0.39} 1-0

[Event "RUS-ch Rapid 2021"]
[Site "Sochi"]
[Date "2021.10.12"]
[Round "2.11"]
[White "Ivanov, Alexander Al."]
[Black "Sakaev, Konstantin"]
[Result "0-1"]
[WhiteElo "2400"]
[BlackElo "2603"]
[Annotator "TA"]
[PlyCount "88"]
[EventDate "2021.10.12"]
[EventType "swiss"]
[EventCountry "RUS"]
[SourceTitle "playchess.com"]
[Source "ChessBase"]
[SourceQuality "1"]

{[%evp 9,88,-12,-6,-19,25,10,4,0,8,-9,0,-36,-13,-23,-30,-36,-36,-34,-29,-19,
-27,-32,0,-12,13,15,67,77,75,67,64,58,65,55,66,55,102,79,148,73,73,70,81,65,85,
45,82,18,28,0,22,18,40,47,50,0,0,0,0,0,0,0,0,-656,-656,-656,-656,-656,-656,
-656,-656,-707,-656,-844,-844,-970,-970,-964,-952,-1029,-966]} 1. e4 c5 2. Nf3
d6 3. Bb5+ Nd7 4. a4 Ngf6 5. e5 dxe5 6. Nxe5 {[#] B51: Sicilian: Moscow
Variation (3 Bb5+) without 3...Bd7.} g6 $146 ({Predecessor:} 6... a6 7. Bxd7+
Nxd7 8. Nxd7 Bxd7 9. O-O Bc6 10. Nc3 e6 11. d3 Qh4 12. Qe2 Bd6 {0-1 (52)
Ridameya Tatche,J (2072)-Jimenez Fraga,P (2464) Sabadell 2011}) 7. O-O (7. Qf3
{is interesting.} Qc7 8. Nxd7 Bxd7 9. Nc3 Bg7 10. d3) 7... Bg7 8. Nxd7 {
The position is equal.} Nxd7 9. Re1 O-O 10. a5 a6 11. Bf1 Ne5 12. d3 Nc6 13.
Qd2 Bf5 14. Nc3 Rc8 15. Ne4 Nd4 16. Qd1 Qc7 17. c3 Nb5 (17... Bxe4 $11 18. dxe4
Nc6) 18. Be3 $14 Bxe4 19. dxe4 Rfd8 20. Qc2 Qc6 21. f3 Qc7 22. g3 h5 23. f4 Nd6
({Better is} 23... e6) 24. Qa4 ({White should play} 24. e5 $1 {[%cal Re5d6]}
Nf5 25. e6) 24... e6 $16 25. Rad1 Bf8 26. Bf2 Ne8 27. e5 Ng7 {[#]} 28. Bg2 (28.
Qb3 $1 $16) 28... Nf5 $11 29. Qe4 Rb8 30. Rxd8 Qxd8 31. Qa4 Qd2 32. Qa1 b6 33.
Rd1 Qc2 34. axb6 Rxb6 35. b4 {aiming for Rd8.} Rb8 36. bxc5 $2 {[%mdl 8192]} ({
Avoid the trap} 36. Bxc5 $2 Bxc5+ 37. Kh1 {[#]} Ne3 $1 $19) (36. Rc1 $11 Qd2
37. Rd1 (37. Bxc5 $2 Bxc5+ 38. Kh1 Ne3 $19)) 36... Rb2 $19 {Black is clearly
winning.} 37. Rf1 {[#]} Bxc5 $1 {[%mdl 512]} 38. Qxb2 Qxb2 39. Bxc5 Qxc3 40.
Bf2 Ne3 41. Bxe3 Qxe3+ 42. Rf2 a5 {[%cal Ba6a5,Ba5a4][%mdl 32]} 43. Bf1 a4 44.
Bc4 Qc1+ {Weighted Error Value: White=0.45/Black=0.14} 0-1

[Event "RUS-ch Rapid 2021"]
[Site "Sochi"]
[Date "2021.10.12"]
[Round "2.12"]
[White "Bologan, Victor"]
[Black "Zakaryan, David"]
[Result "1/2-1/2"]
[WhiteElo "2574"]
[BlackElo "2283"]
[Annotator "ChessBase"]
[PlyCount "81"]
[EventDate "2021.10.12"]
[EventType "swiss"]
[EventCountry "RUS"]
[SourceTitle "playchess.com"]
[Source "ChessBase"]
[SourceQuality "1"]
[TimeControl "900+10"]

1. e4 {[%emt 0:00:00]} c5 {[%emt 0:00:04]} 2. Nf3 {[%emt 0:00:11]} e6 {[%emt 0:
00:03]} 3. d3 {[%emt 0:00:00]} Nc6 {[%emt 0:00:00]} 4. g3 {[%emt 0:00:00]} Nf6
{[%emt 0:00:07]} 5. Bg2 {[%emt 0:00:00]} Be7 {[%emt 0:00:00]} 6. O-O {[%emt 0:
00:01]} d6 {[%emt 0:00:10]} 7. Qe2 {[%emt 0:00:14]} Qc7 {[%emt 0:00:00]} 8. c3
{[%emt 0:00:05]} Bd7 {[%emt 0:00:08]} 9. d4 {[%emt 0:00:06]} d5 {[%emt 0:00:08]
} 10. exd5 {[%emt 0:00:22]} Nxd5 {[%emt 0:00:00]} 11. c4 {[%emt 0:00:06]} Nf6 {
[%emt 0:00:13]} 12. Bf4 {[%emt 0:00:46]} Qb6 {[%emt 0:00:14]} 13. dxc5 {
[%emt 0:00:44]} Qxc5 {[%emt 0:00:05]} 14. a3 {[%emt 0:00:29]} O-O {[%emt 0:00:
27]} 15. b4 {[%emt 0:00:01]} Qh5 {[%emt 0:00:46]} 16. Nc3 {[%emt 0:00:16]} Rac8
{[%emt 0:01:11]} 17. c5 {[%emt 0:01:03]} Rfd8 {[%emt 0:02:02]} 18. h3 {[%emt 0:
00:41]} h6 {[%emt 0:00:07]} 19. Rac1 {[%emt 0:01:48]} Be8 {[%emt 0:00:31]} 20.
Rfd1 {[%emt 0:01:51]} Qf5 {[%emt 0:01:59]} 21. Nh4 {[%emt 0:03:59]} Qh7 {
[%emt 0:00:03]} 22. Be3 {[%emt 0:00:09]} a6 {[%emt 0:01:23]} 23. f4 {[%emt 0:
00:14]} Nd5 {[%emt 0:01:41]} 24. Nxd5 {[%emt 0:00:47]} exd5 {[%emt 0:00:01]}
25. Rxd5 {[%emt 0:00:07]} Bxh4 {[%emt 0:00:29]} 26. gxh4 {[%emt 0:00:00]} Rxd5
{[%emt 0:00:55]} 27. Bxd5 {[%emt 0:00:00]} Bd7 {[%emt 0:00:52]} 28. Kh2 {
[%emt 0:01:22]} Qf5 {[%emt 0:01:34]} 29. Qg2 {[%emt 0:00:25]} Re8 {[%emt 0:00:
15]} 30. Rc3 {[%emt 0:02:04]} Qf6 {[%emt 0:00:57]} 31. Rd3 {[%emt 0:01:19]} Bf5
{[%emt 0:00:54]} 32. Bxc6 {[%emt 0:00:08]} Qxc6 {[%emt 0:00:48]} 33. Qxc6 {
[%emt 0:00:00]} bxc6 {[%emt 0:00:02]} 34. Rc3 {[%emt 0:00:00]} Rd8 {[%emt 0:00:
02]} 35. Kg3 {[%emt 0:00:22]} Rd3 {[%emt 0:00:00]} 36. Rxd3 {[%emt 0:00:03]}
Bxd3 {[%emt 0:00:10]} 37. Kg4 {[%emt 0:00:07]} f6 {[%emt 0:00:00]} 38. f5 {
[%emt 0:00:24]} Kf7 {[%emt 0:00:00]} 39. Kf4 {[%emt 0:00:00]} Bc2 {[%emt 0:00:
00]} 40. Bd4 {[%emt 0:00:07]} Bb3 {[%emt 0:00:03]} 41. Bc3 {[%emt 0:00:05]}
1/2-1/2